000 00851nam a2200217Ii 4500
003 JO-AjNU
008 230605s9999||||xx |||||||||||||| ||und||
017 _a2012/6/2048
040 _aJO-AjNU
_bara
_erda
_cJO-AjNU
041 _aara
050 1 4 _aDS153.3.F3664 2012
100 3 _aالفقير، نوح مصطفى,
_eauthor
_943777
245 0 0 _aالأنبياء والصحابة الشهداء والخلفاء والعلماء والمعالم الدينية الإسلامية في تاريخ الأردن
264 3 1 _aعمان: وزارة الثقافه، 2012
300 _a374ص
336 _atext
_btxt
_2rdacontent
337 _aunmediated
_bn
_2rdamedia
338 _avolume
_bnc
_2rdacarrier
490 0 _aالقراءة للجميع
650 4 _aالانبياء- الصحابة- التاريخ الاسلامي- الاردن
_943778
999 _aA18844
_c22412
_d22412